Normal view
MARC view
- FONTAINE, G
Entry Personal Name
001 - CONTROL NUMBER
- control field: 56685
003 - CONTROL NUMBER IDENTIFIER
- control field: NUST
005 - DATE AND TIME OF LATEST TRANSACTION
- control field: 20210628201745.0
008 - FIXED-LENGTH DATA ELEMENTS
- fixed length control field: 210628|| aca||aabn | a|a d
040 ## - CATALOGING SOURCE
- Original cataloging agency: NUST
- Transcribing agency: NUST
100 ## - HEADING--PERSONAL NAME
- Personal name: FONTAINE, G
670 ## - SOURCE DATA FOUND
- Source citation: Work cat.: (NUST): FONTAINE, G, DIODES AND TRANSISTORS GENERAL PRINCIPLES, 1965
